00337nam a2200133Ia 4500008004100000041000800041082001600049100001800065245004500083250001400128260003900142300001500181365000700196240624s9999 xx 000 0 und d aeng a658.403 TUR aTURBAN EFRAIM aDECISION SUPPORT SYSTEMS AND INTELLIGENT a(6th ed.) c2004aNew DelhibPearson Education axxv, : 867 cRS